Financial Analysis & Fianacial Management (Record no. 480975)

MARC details
000 -LEADER
fixed length control field 00946nam a2200253Ia 4500
008 - FIXED-LENGTH DATA ELEMENTS--GENERAL INFORMATION
fixed length control field 100315s9999 xx 000 0 und d
020 ## - INTERNATIONAL STANDARD BOOK NUMBER
International Standard Book Number 81-8054-444-3 
040 ## - CATALOGING SOURCE
Transcribing agency ENGLISH 
082 ## - DEWEY DECIMAL CLASSIFICATION NUMBER
Item number 6240 
Classification number 658.15 
100 ## - MAIN ENTRY--PERSONAL NAME
Personal name "Rustagi, R. P. "
245 ## - TITLE STATEMENT
Title Financial Analysis & Fianacial Management
250 ## - EDITION STATEMENT
Edition statement 3rd 
260 ## - PUBLICATION, DISTRIBUTION, ETC. (IMPRINT)
Place of publication, distribution, etc New Delhi 
Name of publisher, distributor, etc Sultan Chand & Son  
Date of publication, distribution, etc 2007 
300 ## - PHYSICAL DESCRIPTION
Extent 1111 
365 ## - TRADE PRICE
Price note Rupees 
Unit of pricing
Price amount 380.00 
366 ## - TRADE AVAILABILITY INFORMATION
Publishers' discount category
530 ## - ADDITIONAL PHYSICAL FORM AVAILABLE NOTE
Availability source BG - (Laxmi Book Depot) 699/12-09-2007 
Additional physical form available note 699/12-09-2007 
536 ## - FUNDING INFORMATION NOTE
Text of note 01/04/2007-31/03/2008 
620 ## -
-- "Financial Management , Analysis, Capital Market , Portfolio management . Dividend Policy, International Finance , Corporate Governance, Business Valuation "
630 ## - SUBJECT ADDED ENTRY--UNIFORM TITLE
Uniform title Financial Analysis & Fianacial Management
650 ## - SUBJECT ADDED ENTRY--TOPICAL TERM
Topical term or geographic name as entry element "Financial management, Financial Analysis "
730 ## - ADDED ENTRY--UNIFORM TITLE
Uniform title Financial Analysis & Fianacial Management
942 ## - ADDED ENTRY ELEMENTS (KOHA)
Koha item type Book
Holdings
Withdrawn status Lost status Damaged status Not for loan Home library Current library Date acquired Cost, normal purchase price Total Checkouts Full call number Barcode Date last seen Price effective from Koha item type
        Dr. V. N. Bedekar Institute of Management Studies Library Dr. V. N. Bedekar Institute of Management Studies Library 09/01/2007 400.00   658.15 /RUS  6240  VPMBRIMS-6240  03/19/2010 03/19/2010 Book